000 00498nam a2200193 i 4500
001 bg
100 1 _aBAILEY, James E.
245 0 _aBiochemical engineering fundamentals /
_cJames E. Bailey, David F. Ollis.
250 _a2nd ed.
260 _aNew York :
_bMcGraw-Hill Book Company,
_c1986.
700 1 _aOLLIS, David F.
020 _a0070032122
040 _cBPK
041 _apol
080 _a577
920 _a0-07-003212-2
942 _cKS
008 s pl f |000 0 pol
999 _c29138
_d29138
856 _uhttp://koha.tu.koszalin.pl/cgi-bin/koha/opac-detail.pl?biblionumber=29138
_yKatalog online BPK